MARC details
| 000 -LEADER |
| fixed length control field |
00860nam a2200253Ia 4500 |
| 003 - CONTROL NUMBER IDENTIFIER |
| control field |
IN-BaIIA |
| 008 - FIXED-LENGTH DATA ELEMENTS--GENERAL INFORMATION |
| fixed length control field |
211028s9999 xx s 000 0 eng d |
| 020 ## - INTERNATIONAL STANDARD BOOK NUMBER |
| International Standard Book Number |
978-1-4419-7792-2 (Print) |
| 020 ## - INTERNATIONAL STANDARD BOOK NUMBER |
| International Standard Book Number |
978-1-4419-7793-9 (Online) |
| 022 ## - INTERNATIONAL STANDARD SERIAL NUMBER |
| International Standard Serial Number |
0342-4111 (Print) |
| 022 ## - INTERNATIONAL STANDARD SERIAL NUMBER |
| International Standard Serial Number |
1556-1534 (Online) |
| 040 ## - CATALOGING SOURCE |
| Transcribing agency |
IIA Library |
| 100 ## - MAIN ENTRY--PERSONAL NAME |
| Personal name |
Kim, Myung K. |
| 9 (RLIN) |
38728 |
| 245 #0 - TITLE STATEMENT |
| Title |
Digital Holographic Microscopy |
| Medium |
[eBook] |
| 260 ## - PUBLICATION, DISTRIBUTION, ETC. |
| Place of publication, distribution, etc. |
New York |
| Name of publisher, distributor, etc. |
Springer New York |
| Date of publication, distribution, etc. |
2011 |
| 300 ## - PHYSICAL DESCRIPTION |
| Extent |
Online resource |
| 490 ## - SERIES STATEMENT |
| Series statement |
Springer Series in Optical Sciences |
| 650 ## - SUBJECT ADDED ENTRY--TOPICAL TERM |
| Topical term or geographic name entry element |
Biological Microscopy |
| 9 (RLIN) |
38517 |
| 650 ## - SUBJECT ADDED ENTRY--TOPICAL TERM |
| Topical term or geographic name entry element |
Computer Imaging, Vision, Pattern Recognition and Graphics |
| 9 (RLIN) |
38729 |
| 650 ## - SUBJECT ADDED ENTRY--TOPICAL TERM |
| Topical term or geographic name entry element |
Optics, Lasers, Photonics, Optical Devices |
| 650 ## - SUBJECT ADDED ENTRY--TOPICAL TERM |
| Topical term or geographic name entry element |
Physics |
| 9 (RLIN) |
73 |
| 856 ## - ELECTRONIC LOCATION AND ACCESS |
| Uniform Resource Identifier |
<a href="http://doi.org/10.1007/978-1-4419-7793-9">http://doi.org/10.1007/978-1-4419-7793-9</a> |
| Link text |
Click Here to Access eBook |
| 942 ## - ADDED ENTRY ELEMENTS (KOHA) |
| Koha item type |
eBooks |